| 000 | | | 04700cam0a2200301#x 450 |
| 001 | | | c3928673-bad5-48ef-905b-455830748c93 |
| 005 | | | 20240131123849.0 |
| 100 | ## | $a | 20240131j19440710k###0rusy50 ca |
| 101 | 0# | $a | rus |
| 102 | ## | $a | RU |
| 122 | 0# | $a | d19440710## |
| 200 | 1# | $a | Справки начальника отдела жилищно-коммунального хозяйства Госплана СССР А. Шарова председателю Госплана СССР Н. А. Вознесенскому о ходе восстановления жилого фонда в районах, освобожденных от немецкой оккупации, по РСФСР, УССР и БССР на 1 июля 1944 г. |
| | $j | 10 июля 1944 г. |
| 251 | ## | $c | Документ |
| 300 | ## | $a | Подлинник |
| 461 | #0 | $1 | 2001 |
| | $a | Ф. 4372 |
| | $1 | 251 |
| | $c | Фонд |
| | $1 | 852 |
| | $j | 4372 |
| 462 | #0 | $1 | 2001 |
| | $a | Оп. 44 |
| | $1 | 251 |
| | $c | Опись |
| | $1 | 852 |
| | $j | 44 |
| 462 | #0 | $1 | 2001 |
| | $a | Д. 1221 |
| | $v | Л. 9-12, 13-16 |
| | $1 | 251 |
| | $c | Дело |
| | $1 | 852 |
| | $j | 1221 |
| 605 | ## | $2 | prlib_sh |
| | $3 | LIBNET\UAF\0000088514 |
| | $a | Вторая мировая война в архивных документах (Комплекс оцифрованных архивных документов, кино- и фотоматериалов) |
| | $l | коллекция |
| 605 | ## | $2 | acquisition_Prlib |
| | $3 | DITM\AF\0000003834 |
| | $a | Народ |
| | $l | коллекция |
| 605 | ## | $2 | acquisition_Prlib |
| | $3 | DITM\AF\0000002775 |
| | $a | Власть |
| | $l | коллекция |
| 606 | 1# | $2 | prlib_sh |
| | $a | Великая Отечественная война |
| | $z | 1941 - 1945 |
| | $x | Освобожденные районы |
| | $x | Восстановление |
| | $j | Архивные дела |
| 686 | ## | $a | 63.3(2)622-2ю1 |
| | $v | LBC/M |
| | $2 | rubbk |
| 686 | ## | $a | 65.03(2)622ю1 |
| | $v | LBC/M |
| | $2 | rubbk |
| 801 | #0 | $a | RU |
| | $b | ПБ им. Б.Н. Ельцина |
| | $c | 20240131 |
| 801 | #1 | $a | RU |
| | $b | ПБ им. Б.Н. Ельцина |
| | $c | 20240131 |
| | $2 | rusmarc |
| 801 | #2 | $a | RU |
| | $b | ПБ им. Б.Н. Ельцина |
| | $c | 20240131 |
| | $2 | rusmarc |
| 850 | ## | $a | Российский государственный архив экономики |
| 852 | ## | $a | РГАЭ |
| | $j | Л. 9-12, 13-16 |
| 035 | ## | $a | LIBNET\0001377816 |
| 937 | ## | $d | 190724857 |
| | $h | Федеральное архивное агентство |
| 856 | 4# | $u | http://readingroom.main.prlib.ru/item.aspx?id_node=n190724857&mode=full |